| 000 | 00592nam a22001577a 4500 | ||
|---|---|---|---|
| 005 | 20120508121219.0 | ||
| 020 |
_a000210007X _c00.00 |
||
| 035 | _aA-710081 | ||
| 037 |
_aDPL _bENG |
||
| 100 |
_aMajumdar, Tapas _946633 |
||
| 245 |
_aInvestment in education and social choice / _cby Tapas Majumdar |
||
| 260 |
_aNew Delhi _bOrient Longman _c1983 |
||
| 300 |
_axi, 122p. _c20 cms. |
||
| 942 |
_2ddc _cEN _h332.6042 _mMAJ |
||
| 999 |
_c66316 _d66316 |
||